Statistics for Logos Revealing Logos #2

Click here to take the quiz!

General Stats

  • This quiz has been taken 19,524 times
  • The average score is 16 of 21

Answers on the Map

Answers color-coded by a green-red scale on the quiz's map according to % correct below.
 

Answer Stats

Answer% Correct
Google
98%
Lego
97%
Starbucks
97%
Adidas
96%
Red Bull
96%
Shell
96%
PlayStation
95%
Mastercard
90%
BBC
89%
DreamWorks
87%
Kellogg's
84%
Nissan
82%
Chanel
81%
Rolex
77%
Harley-Davidson
75%
Sega
66%
Converse
65%
Atari
57%
Dolby
55%
Citroën
40%
Total
18%

Score Distribution

Percentile by Number Answered

Percent of People with Each Score

Your Score History

You have not taken this quiz